000 00857cam a2200181 4500
001 WS106556
008 000000n 000 0 eng u
035 _a(Sirsi) u106556
110 _aInternational Council on Monuments and Sites
_93884
245 _aInternational Council on Monuments and Sites
520 _aWeb site for this international non-governmental organisation of professionals dedicated to the conservation of the world's historic monuments and sites. Includes copies of charters adopted by ICOMOS's general assembly.
650 _aHISTORIC MONUMENTS
650 0 _aINTERNATIONAL CHARTERS
650 _aBUILT ENVIRONMENT-BUILDING INSPECTION
690 _aBUILT ENVIRONMENT-BUILDING MAINTENANCE AND REFURBISHMENT-BUILDING CONSERVATION
856 4 0 _uhttps://www.icomos.org
_zView the website free of charge at www.icomos.org...
942 _n0
999 _c119492
_d119492